00521 2200205 4500001002100000005001700021008004100038020001800079035002400097090001500121100002200136245003900158260003700197300001900234650001700253850001100270980001300281985000600294999001500300YOGYA-0209000001756920090227022756.0 ind  a979-514-065-5 0010-020900000017569 a640bSal R aSALIM, H. Hadiyah aRumahku nerakakucH. Hadiyah Salim aBandungbRemaja Rosdakaryac1993 a143 hlmc17 cm aRumah tangga aBPAD B a02-02-06 a2 a95P0055831